The social control of technology (Record no. 76572)

MARC details
000 -LEADER
fixed length control field 00675nam a2200157 a 4500
008 - FIXED-LENGTH DATA ELEMENTS--GENERAL INFORMATION
fixed length control field 120416s0000 ||||||||||||||||| || u
020 ## - INTERNATIONAL STANDARD BOOK NUMBER
International Standard Book Number 0335100317
050 ## - LIBRARY OF CONGRESS CALL NUMBER
Classification number T 14.5 Col
100 ## - MAIN ENTRY--PERSONAL NAME
Personal name Collingridge, David
245 14 - TITLE STATEMENT
Title The social control of technology
260 ## - PUBLICATION, DISTRIBUTION, ETC.
Place of publication, distribution, etc. Milton Keynes
Name of publisher, distributor, etc. Open University Press
Date of publication, distribution, etc. 1980
300 ## - PHYSICAL DESCRIPTION
Extent 200p. : ill
350 ## -
-- 0.00
995 ## -
-- ANNEX COLLECTION (Main Library)
-- 0.00
-- 756590
-- CBU-MAIN LIBRARY (Kitwe)
-- 1
-- 9.95
-- T 14.5 Col
-- 2
-- AVAILABLE
-- 014259
-- Annex Low-Usage Collection
995 ## -
-- ANNEX COLLECTION (Main Library)
-- 0.00
-- 722522
-- CBU-MAIN LIBRARY (Kitwe)
-- 2
-- 9.95
-- T 14.5 Col
-- 1
-- AVAILABLE
-- 014260
-- Annex Low-Usage Collection
999 ## -
-- 76572
-- 76572
Holdings
Withdrawn status Lost status Source of classification or shelving scheme Damaged status Not for loan Permanent Location Current Location Shelving location Date acquired Total Checkouts Full call number Barcode Date last seen Copy number Price effective from Koha item type
          CBU-MAIN LIBRARY, KITWE. CBU-MAIN LIBRARY, KITWE.   04/25/2023   T 14.5 Col 014259 04/25/2023 1 04/25/2023 MONOGRAPH
          CBU-MAIN LIBRARY, KITWE. CBU-MAIN LIBRARY, KITWE.   04/25/2023   T 14.5 Col 014260 04/25/2023 2 04/25/2023 MONOGRAPH